| 000 | 00549nam a2200193 i 4500 | ||
|---|---|---|---|
| 001 | 15262 | ||
| 003 | ES-MaACL | ||
| 005 | 20231125063005.0 | ||
| 007 | t| | ||
| 008 | 000210s1999 sp ||||1| spa d | ||
| 020 | _a84-7895-134-2 | ||
| 080 | _a821.134.2-31"19" | ||
| 100 | 1 |
_aDíez, Luis Mateo, _d1942- _944658 |
|
| 245 | 1 | 3 |
_aLa ruina del cielo _b: un obituario / _cLuis Mateo Díez. |
| 260 |
_aMadrid : _bOllero & Ramos, _c[1999] |
||
| 300 |
_a539 p. ; _c22 cm. |
||
| 852 |
_aES-MaACL _jL-22588 _bR.127897 |
||
| 999 |
_c15262 _d15262 |
||